[Event "Sachsen-ch U08"]
[Site "Sebnitz"]
[Date "2011.04.27"]
[Round "2"]
[White "Oltmanns, Merten"]
[Black "Burian, Simon"]
[Result "1-0"]
[WhiteElo "813"]
[BlackElo "887"]
[PlyCount "59"]
[EventDate "2011.04.26"]
[EventType "swiss"]
[EventRounds "7"]
[EventCountry "GER"]
[SourceTitle "EXT 2012"]
[Source "ChessBase"]
[SourceDate "2011.11.24"]
[SourceVersion "1"]
[SourceVersionDate "2011.11.24"]
[SourceQuality "1"]

1. e4 c5 2. Nf3 d6 3. Bc4 Nf6 4. d3 e6 5. c3 Be7 6. Bf4 Nc6 7. Nbd2 0-0 8. h4 e5 9. Be3 Bg4 10. Qe2 a6 11. 0-0-0 Qa5 12. Bg5 Qb6 13. Nb3 h6 14. Bxf6 Bxf6 15. h5 Bg5+ 16. Kb1 a5 17. Nxg5 Bxe2 18. Rde1 Bg4 19. f3 hxg5 20. fxg4 a4 21. h6 axb3 22. Bxb3 gxh6 23. Rxh6 Na5 24. Bd5 Qa6 25. Reh1 Nc6 26. R1h5 Rfb8 27. Rh8+ Kg7 28. R8h7+ Kf8 29. Rxf7+ Ke8 30. Rh8# 1-0